Top 20 Tottenham Hotspur Players By Appearance - Statistics

General Stats
  • This quiz has been taken 74 times
  • The average score is 7 of 20
Answer Stats
Appearances Duration Player % Correct
435 2011 – 2023 Harry Kane
98%
393 2015 – now Son Heung-min
92%
447 2012 – 2024 Hugo Lloris
76%
379 1961 – 1970 Jimmy Greaves
56%
490 1975 – 1987 Glenn Hoddle
47%
611 1982 – 1998 Gary Mabbutt
40%
590 1964 – 1977 Pat Jennings
39%
854 1969 – 1986 Steve Perryman
35%
382 1954 – 1963 Danny Blanchflower
32%
378 1958 – 1968 Cliff Jones
29%
439 1964 – 1974 Alan Gilzean
21%
506 1964 – 1975 Cyril Knowles
18%
397 1966 – 1975 Mike England
18%
420 1963 – 1975 Phil Beal
15%
452 1946 – 1958 Ted Ditchburn
11%
398 1979 – 1990 Chris Hughton
8%
411 1955 – 1965 Maurice Norman
8%
438 1919 – 1931 Jimmy Dimmock
5%
415 1969 – 1980 John Pratt
5%
523 1899 – 1912 Tom Morris
0%
No matching quizzes found
Score Distribution
Percent of People with Each Score
Percentile by Number Answered
Your Score History
You have not taken this quiz